Návrh stabilizačného programu pracovníkov v odštepnom závode Slovenských telekomunikácií, š.p., Banská Bystrica : Diplomová práca

Salvato in:
Dettagli Bibliografici
Autore principale: Solárik, Jozef (Autore)
Altri autori: Hajnik, Bartolomej, 1947- (xxx)
Natura: Manoscritto Libro
Lingua:slovacco
Pubblicazione: Trnava : STU v Bratislave MtF KMK, 1999
Soggetti:
Tags: Aggiungi Tag
Nessun Tag, puoi essere il primo ad aggiungerne!!

MARC

LEADER 00000ntm a22000003a 4500
001 stu53038
005 20160719155215.3
008 000406s1999----xo------------------slo-d
040 |a STU  |b slo 
041 0 |a slo 
044 |a xo 
100 1 |a Solárik, Jozef  |4 aut 
245 1 |a Návrh stabilizačného programu pracovníkov v odštepnom závode Slovenských telekomunikácií, š.p., Banská Bystrica :  |b Diplomová práca 
260 |a Trnava :  |b STU v Bratislave MtF KMK,  |c 1999 
300 |a 90 s  |c výťah 
650 7 |a manažment priemyselných podnikov  |2 stusub 
650 7 |a personalistika  |2 stusub 
650 7 |a Práca personálna  |2 stusub 
700 1 |a Hajnik, Bartolomej,  |d 1947-  |4 xxx  |u M250  |T MTF Detašované pracovisko v Dubnici nad Váhom  |X 1514  |U M250  |Y M250  |7 A000001514